[Event "14. Deizisauer Herbstopen 2019"]
[Site "Deizisau"]
[Date "2019.10.28"]
[Round "6.9"]
[White "Kraft, Julian"]
[Black "Coellen, Florian"]
[Result "1/2-1/2"]
[WhiteElo "2062"]
[BlackElo "1873"]
[Annotator "NA"]
[PlyCount "115"]
[EventDate "2019.10.25"]
[EventType "swiss"]
[EventCountry "GER"]
[SourceTitle "playchess.com"]
[Source "ChessBase"]
[SourceQuality "1"]
[TimeControl "5400+30"]

1. c4 {[%emt 0:00:00]} Nf6 {[%emt 0:00:00]} 2. g3 {[%emt 0:00:00]} e6 {[%emt 0:00:00]} 3. Nf3 {[%emt 0:00:28]} d5 {[%emt 0:00:00]} 4. b3 {[%emt 0:00:03]} Be7 {[%emt 0:00:00]} 5. Bb2 {[%emt 0:00:09]} O-O {[%emt 0:00:09]} 6. Bg2 {[%emt 0:00:08]} c5 {[%emt 0:00:07]} 7. cxd5 {[%emt 0:00:10]} exd5 {[%emt 0:00:07]} 8. d4 {[%emt 0:00:03]} b6 {[%emt 0:01:53]} 9. O-O {[%emt 0:00:54]} Bb7 {[%emt 0:00:34]} 10. Ne5 {[%emt 0:24:07]} Nbd7 {[%emt 0:06:34]} 11. Nxd7 {[%emt 0:04:20]} Qxd7 {[%emt 0:00:36]} 12. Nc3 {[%emt 0:01:35]} Rfd8 {[%emt 0:04:42] A14: English Opening: 1...e6 with b3 by White} (12... Rfe8 13. Rc1 Rac8 14. e3 c4 15. bxc4 Rxc4 16. Re1 a6 17. Bf1 Rc6 18. Qb3 b5 19. Ba3 Rec8 20. Bxe7 Qxe7 21. a3 Ne4 22. Nxd5 Qe6 23. Rxc6 Bxc6 24. Bh3 Qxh3 25. Ne7+ Kf8 26. Nxc8 Nc5 {0-1 (26) Sherman,D (2010)-Sinha,S (2250) Philadelphia 2018}) 13. Rc1 {[%emt 0:08:45]} Rac8 {[%emt 0:06:34]} 14. Rc2 $146 {[%emt 0:23:12]} ({Predecessor:} 14. dxc5 bxc5 15. Qd3 Qe6 16. Qb5 Ba6 17. Qa5 d4 18. Nb5 Qb6 19. Qxb6 axb6 20. a4 {½-½ (62) Pribila,G (2076)-Slamena,M (1991) Slovakia 2013}) 14... Qf5 {[%emt 0:11:07]} 15. Ba3 {[%emt 0:07:16]} Ne4 {[%emt 0:06:48]} 16. Nxe4 {[%emt 0:00:13]} dxe4 {[%emt 0:00:08]} 17. Rd2 {[%emt 0:01:11]} Bg5 {[%emt 0:01:26]} 18. e3 {[%emt 0:04:45]} Ba6 {[%emt 0:02:59]} 19. Re1 {[%emt 0:02:01]} Bd3 {[%emt 0:02:53]} 20. f3 {[%emt 0:05:37]} Re8 $2 {[%emt 0:15:23]} (20... cxd4 $19 21. fxe4 dxe3 22. exf5 exd2) 21. Rf2 {[%emt 0:03:36]} Qe6 {[%emt 0:03:36]} 22. dxc5 {[%emt 0:02:40]} bxc5 {[%emt 0:00:43]} 23. h4 {[%emt 0:02:02]} Bf6 {[%emt 0:00:39]} 24. Kh2 {[%emt 0:00:29]} Bc3 {[%emt 0:02:35]} 25. Bh3 $17 {[%emt 0:01:55]} Qc6 {[%emt 0:03:00]} 26. Bxc8 {[%emt 0:01:06]} Bxe1 {[%emt 0:00:28]} 27. Qxe1 {[%emt 0:00:34]} Rxc8 {[%emt 0:00:37]} 28. fxe4 {[%emt 0:01:37]} Qxe4 {[%emt 0:00:28]} 29. Rf4 {[%emt 0:00:40]} Qe6 {[%emt 0:00:22]} 30. Bb2 {[%emt 0:00:52]} f6 {[%emt 0:04:17]} 31. Qc1 {[%emt 0:02:23]} c4 {[%emt 0:01:00]} 32. bxc4 {[%emt 0:00:35]} Rxc4 {[%emt 0:00:08]} 33. Rxc4 {[%emt 0:00:05]} Qxc4 {[%emt 0:00:06]} 34. Qxc4+ Bxc4 {[%emt 0:00:06]} 35. a3 {[%emt 0:01:31]} Kf7 {[%emt 0:01:04]} 36. Kg2 {[%emt 0:00:24]} Bd5+ {[%emt 0:00:23]} 37. Kf2 {[%emt 0:00:51]} h5 {[%emt 0:01:18]} 38. Bd4 {[%emt 0:01:16]} a5 {[%emt 0:00:57]} 39. Bb6 {[%emt 0:00:53]} a4 {[%emt 0:00:08]} 40. Bd8 {[%emt 0:00:52]} g6 {[%emt 0:00:25]} 41. Ke2 {[%emt 0:00:27]} Ke6 {[%emt 0:00:19]} 42. Kd3 {[%emt 0:00:39]} f5 {[%emt 0:00:09]} 43. Kd4 {[%emt 0:00:17]} Be4 {[%emt 0:00:30]} 44. Ba5 {[%emt 0:00:23]} Bc2 {[%emt 0:00:26]} 45. Kc5 {[%emt 0:00:31]} Be4 {[%emt 0:00:23]} 46. Bc7 {[%emt 0:00:13]} Bd5 {[%emt 0:00:36]} 47. Bf4 {[%emt 0:00:16]} Be4 {[%emt 0:00:32]} 48. Kb5 {[%emt 0:00:10]} Bc2 {[%emt 0:00:11]} 49. Kc6 {[%emt 0:00:01]} Be4+ {[%emt 0:01:00]} 50. Kc7 {[%emt 0:00:08]} Bc2 {[%emt 0:00:10]} 51. Kd8 {[%emt 0:00:18]} Kf7 {[%emt 0:00:06]} 52. Kd7 {[%emt 0:00:23]} Bb1 {[%emt 0:00:24]} 53. Bg5 {[%emt 0:00:20]} Be4 {[%emt 0:00:19]} 54. Kd6 {[%emt 0:00:19]} Bb1 {[%emt 0:00:15]} 55. Bd8 {[%emt 0:00:15]} Bc2 {[%emt 0:01:25]} 56. Ke5 {[%emt 0:00:07]} Be4 {[%emt 0:00:21]} 57. Kf4 {[%emt 0:00:13]} Bb1 {[%emt 0:00:07]} 58. Kg5 {[%emt 0:00:04]} 1/2-1/2

[Event "14. Deizisauer Herbstopen 2019"]
[Site "Deizisau"]
[Date "2019.10.28"]
[Round "7.1"]
[White "Dgebuadze, Alexandre"]
[Black "Doering, Stefan"]
[Result "1-0"]
[WhiteElo "2472"]
[BlackElo "2025"]
[Annotator "TA"]
[PlyCount "87"]
[EventDate "2019.10.25"]
[EventType "swiss"]
[EventCountry "GER"]
[SourceTitle "playchess.com"]
[Source "ChessBase"]
[SourceQuality "1"]

{[%evp 9,87,-22,25,25,25,16,13,17,10,26,15,16,42,41,61,66,101,108,104,68,85,85,84,81,83,83,79,78,76,66,67,61,95,75,107,76,76,81,75,72,83,81,97,66,66,68,83,64,88,69,74,73,65,59,117,108,137,100,127,70,75,70,68,54,54,54,145,145,117,137,400,206,184,170,170,177,636,316,222,215]} 1. e4 c5 2. Nf3 e6 3. d3 d5 4. Qe2 Nc6 5. g3 dxe4 (5... Nf6 6. Bg2 Be7 7. O-O O-O 8. e5 Nd7 9. c4 d4 10. Re1 Rb8 11. h4 b5 12. cxb5 Rxb5 13. Na3 Rb8 14. Nc4 Nb6 15. b3 Nxc4 16. bxc4 Rb6 17. Ng5 {1-0 (32) Carlsen,M (2837)-Ding,L (2774) Saint Louis 2017}) 6. dxe4 {B40: Sicilian: 2...e6, Unusual lines} e5 7. c3 Nf6 8. Bg2 {The position is equal.} Be7 9. O-O Qc7 10. Na3 {[%cal Bb1a3,Ba3c4,Bc4e3,Be3f5][%mdl 32]} a6 11. Nc4 Bg4 $146 ({Predecessor:} 11... Be6 12. Ng5 Bxc4 13. Qxc4 {0-1 (50) Hernandez Guerrero,G (2560)-Kortschnoj,V (2635) Merida 1996}) 12. Ne3 Bxf3 13. Qxf3 O-O 14. Nf5 Nd8 15. Bg5 Ne6 16. Bxf6 Bxf6 17. Ne3 Qc6 18. Ng4 Nc7 19. Rad1 Rad8 20. Bh3 Rfe8 21. Rfe1 Kh8 22. Nxf6 Qxf6 23. Qxf6 gxf6 24. Bd7 Re7 25. Bf5 Ree8 26. Kf1 Kg7 27. Ke2 h6 28. Bd7 (28. a4 {keeps more tension.} Kf8 29. Bd7 Re7 30. Bh3 Ree8 31. a5) 28... Re7 29. Ba4 (29. Bg4 {is interesting.} Ree8 30. a4 Kf8 31. a5 Ke7 32. Ke3) 29... Rxd1 30. Rxd1 $14 {[%mdl 4096] Endgame KRB-KRN} b5 31. Bc2 Re6 (31... Kf8 $14) 32. Rd7 Rc6 33. Ke3 c4 34. Bd1 (34. a4 $16) 34... Ne6 35. Bh5 Rc7 36. Rxc7 Nxc7 {KB-KN} 37. Bg4 Ne6 (37... Kf8 $14) 38. b3 $16 cxb3 39. axb3 Kf8 $2 {[%mdl 8192] [#]} (39... Nc5 $16) 40. b4 (40. Bxe6 $142 fxe6 41. Kd3) 40... Ke7 41. Bd1 Kd6 42. Bb3 Kc6 $2 (42... Ke7 43. Bd5 Nc7) 43. h4 (43. Bxe6 $142 fxe6 44. g4) 43... Kd6 44. Kf3 {Accuracy: White = 53%, Black = 29%.} 1-0

[Event "14. Deizisauer Herbstopen 2019"]
[Site "Deizisau"]
[Date "2019.10.28"]
[Round "7.2"]
[White "Gustain, Marc"]
[Black "Krassowizkij, Jaroslaw"]
[Result "0-1"]
[WhiteElo "2179"]
[BlackElo "2436"]
[Annotator "TA"]
[PlyCount "156"]
[EventDate "2019.10.25"]
[EventType "swiss"]
[EventCountry "GER"]
[SourceTitle "playchess.com"]
[Source "ChessBase"]
[SourceQuality "1"]

{[%evp 17,156,0,0,0,15,17,26,31,27,28,27,29,57,56,121,11,15,10,13,0,0,0,0,0,-4,-18,0,-17,-15,-16,-8,-37,-40,-29,-30,-50,-50,-45,-45,-59,-46,-49,-51,-57,-62,-60,-58,-50,-58,-54,-43,-45,-54,-128,-151,-128,-105,-106,-126,-185,-184,-211,-43,-43,-44,-90,-5,-8,-12,-40,0,0,0,0,0,0,0,-8,0,0,0,0,0,0,0,0,0,0,0,0,0,0,-6,-359,0,0,0,0,0,0,0,0,0,0,0,0,0,0,0,0,0,0,0,0,0,-885,0,0,0,-12844,-12844,-12845,-12845,-12845,-12846,-12849,-12850,-12850,-12850,-12851,-27999,-12851,-27996,-27997,-27997,-27998,-27996,-27997,-27997,-27998,-27996]} 1. e4 e6 2. d4 d5 3. exd5 exd5 4. Nf3 Bd6 5. c4 dxc4 6. Bxc4 Nf6 7. O-O O-O 8. Nc3 Nc6 9. h3 h6 10. Qc2 {D20: Queen's Gambit Accepted: 3 e3 and 3 e4} (10. Re1 Bf5 11. a3 Re8 12. Rxe8+ Qxe8 13. Nb5 Qd7 14. Nxd6 Qxd6 15. Qb3 Be6 16. Bxe6 fxe6 17. Bf4 Qd5 18. Qxb7 Nxd4 19. Qxd5 Nxd5 20. Nxd4 Nxf4 {½-½ (59) Zvjaginsev,V (2673)-Popov,I (2596) Moscow 2016}) 10... Nb4 11. Qb1 Be6 12. Bxe6 {White has an edge.} fxe6 13. Re1 Qd7 14. a3 Nc6 15. Ne5 $146 ({Predecessor:} 15. b4 Rae8 16. Qb3 Qf7 17. Bb2 Nd5 {½-½ (77) Plazuelo Pascual,J (2351)-Garrido Olivares,R (2155) Madrid 2016}) 15... Qe8 (15... Bxe5 $14 16. dxe5 Nd5) 16. Nxc6 (16. Ng6 $16) 16... Qxc6 $11 17. Qg6 Qe8 18. Qd3 (18. Qc2 {seems wilder.} Qf7 19. Re2 Rae8 20. Be3 Nd5 21. Rae1) 18... Qf7 19. Be3 Rad8 20. Rad1 c6 21. b4 a6 22. Ne4 Nxe4 23. Qxe4 Qf5 24. Qb1 (24. f3 {keeps more tension.} Qxe4 25. fxe4 Rd7 26. Rf1 Rfd8 27. Rd2) 24... Qxb1 25. Rxb1 Rf5 26. a4 Kf7 27. g4 Rd5 28. Kg2 Be7 29. Rec1 R8d7 30. Rc4 Bf6 {[%cal Rf6d4]} 31. b5 cxb5 32. axb5 a5 {[%cal Rf6d4]} 33. b6 Bxd4 34. Bxd4 Rxd4 35. Rxd4 (35. Rc5 $15) 35... Rxd4 $15 {[%mdl 4096] Endgame KR-KR} 36. Rc1 Ke7 $1 37. Rc7+ Rd7 $1 {[%cal Rd7c7] And now ...Rxc7 would win.} 38. Rc5 (38. Rc4 $17) 38... a4 $19 39. Ra5 Rd6 $2 (39... Rd4 $19 {Strongly threatening ...Kd6.} 40. Ra7 g5 41. Rxb7+ Kd6) 40. Rxa4 $15 Rxb6 41. Ra8 Rd6 (41... Rb1 $17 42. Rg8 Kf7) 42. Rb8 $11 Rd7 43. Kf3 Kd6 44. Ke4 Kc7 45. Re8 Kd6 46. Rb8 $1 e5 47. h4 Re7 48. Rd8+ Kc6 49. Rc8+ Kd6 50. Rd8+ Kc7 51. Rf8 b6 52. f3 Kc6 53. Rc8+ Kb7 54. Rf8 b5 55. Kd5 $2 {[%mdl 8192] [#]} (55. Rd8 $1 $11) 55... Rc7 $2 (55... b4 $1 $19 {[%cal Rb4b3]} 56. Rd8 (56. Kc4 e4 $17) 56... b3) 56. Re8 Kb6 57. Re6+ Ka5 58. Rxe5 Ka4 59. Re1 b4 60. f4 b3 {White must now prevent ...b2.} 61. f5 Rd7+ 62. Ke6 $1 {[%cal Re6d7]} Rd4 63. Rg1 b2 {Threatens to win with ...Rc4.} 64. Kf7 Kb3 65. g5 Rxh4 (65... Rc4 $5 66. Rb1 $8 Rxh4 $11) 66. g6 $2 {[%mdl 8192] [#]} (66. f6 $11 Rf4 67. Ke7 gxf6 68. g6 Re4+ 69. Kf7) 66... Rc4 $2 (66... Ra4 $1 $19 67. f6 Ra1 68. Rxa1 bxa1=Q 69. fxg7 Qf1+ 70. Kg8 Qg1) 67. Kxg7 {aiming for Rb1.} Rc1 68. Rg3+ $2 {[%mdl 8192]} (68. Rxc1 $11 bxc1=Q 69. f6) 68... Ka4 $19 69. f6 b1=Q 70. f7 Qb2+ 71. Kg8 Rc8+ 72. f8=Q Rxf8+ 73. Kxf8 {KQ-KR} Qb8+ 74. Kg7 Qxg3 75. Kxh6 {Black mates.} Qh4+ 76. Kg7 Kb5 {( -> ...Qg5!)} 77. Kf7 Qf4+ 78. Ke6 Qf8 {Accuracy: White = 56%, Black = 55%.} 0-1

[Event "14. Deizisauer Herbstopen 2019"]
[Site "Deizisau"]
[Date "2019.10.28"]
[Round "7.3"]
[White "Frolik, Erhard"]
[Black "Gheng, Josef"]
[Result "1/2-1/2"]
[WhiteElo "2317"]
[BlackElo "2190"]
[Annotator "RC"]
[PlyCount "181"]
[EventDate "2019.10.25"]
[EventType "swiss"]
[EventCountry "GER"]
[SourceTitle "playchess.com"]
[Source "ChessBase"]
[SourceQuality "1"]
[TimeControl "5400+30"]

1. e4 {[%emt 0:00:00]} d5 {[%emt 0:00:27]} 2. exd5 {[%emt 0:00:00]} Nf6 {[%emt 0:00:37]} 3. d4 {[%emt 0:00:00]} Qxd5 {[%emt 0:00:26]} 4. Nc3 Qd6 {[%emt 0:02:30]} 5. Nf3 {[%emt 0:02:57]} Bg4 {[%emt 0:00:25]} 6. h3 {[%emt 0:01:41]} Bh5 {[%emt 0:01:46]} 7. g4 {[%emt 0:00:10]} Bg6 {[%emt 0:00:11]} 8. Ne5 {[%emt 0:00:09]} c6 {[%emt 0:05:13]} 9. Bg2 {[%emt 0:08:11]} Nbd7 {[%emt 0:04:38]} 10. f4 {[%emt 0:06:44]} e6 {[%emt 0:00:27]} 11. Be3 {[%emt 0:04:24]} Nd5 {[%emt 0:00:51]} 12. Nxd5 {[%emt 0:00:50]} cxd5 {[%emt 0:00:09]} 13. O-O {[%emt 0:12:45]} Be4 {[%emt 0:06:50]} 14. Bxe4 {[%emt 0:05:33]} dxe4 {[%emt 0:03:05]} 15. c4 {[%emt 0:01:17]} f6 {[%emt 0:03:22]} 16. Nxd7 {[%emt 0:00:07]} Qxd7 {[%emt 0:00:05]} 17. d5 {[%emt 0:04:52]} exd5 {[%emt 0:01:36]} 18. Qxd5 {[%emt 0:01:26]} Qxd5 {[%emt 0:00:41]} 19. cxd5 {[%emt 0:04:32]} Kd7 {[%emt 0:00:26]} 20. Rac1 {[%emt 0:00:20]} Bd6 {[%emt 0:00:12]} 21. Rc4 {[%emt 0:00:23]} Rhe8 {[%emt 0:00:15]} 22. f5 {[%emt 0:03:15]} b5 {[%emt 0:07:06]} 23. Rc2 {[%emt 0:05:01]} Rac8 {[%emt 0:01:29]} 24. Rfc1 {[%emt 0:05:25]} Rxc2 {[%emt 0:03:00]} 25. Rxc2 {[%emt 0:00:02]} Re5 {[%emt 0:01:11]} 26. Rd2 {[%emt 0:02:51]} a5 {[%emt 0:06:04]} 27. Kf2 {[%emt 0:01:28]} h5 {[%emt 0:01:02]} 28. Bd4 {[%emt 0:05:37]} Re8 {[%emt 0:04:52]} 29. Ke3 {[%emt 0:01:49]} hxg4 {[%emt 0:00:09]} 30. hxg4 {[%emt 0:00:10]} Bg3 {[%emt 0:00:12]} 31. Rc2 {[%emt 0:04:12]} Kd6 {[%emt 0:03:11]} 32. Rc6+ {[%emt 0:00:59]} Kxd5 {[%emt 0:02:11]} 33. Rc5+ {[%emt 0:00:43]} Kd6 {[%emt 0:00:05]} 34. Rxb5 {[%emt 0:00:06]} Bh4 {[%emt 0:00:33]} 35. Rxa5 {[%emt 0:02:56]} Bg5+ {[%emt 0:00:10]} 36. Ke2 {[%emt 0:00:58]} Rh8 {[%emt 0:00:09]} 37. Bc5+ {[%emt 0:02:52]} Kc6 {[%emt 0:00:08]} 38. b4 {[%emt 0:03:12]} Rh2+ {[%emt 0:00:12]} 39. Kf1 {[%emt 0:00:33]} Bf4 {[%emt 0:03:07]} 40. a4 {[%emt 0:01:46]} Ra2 {[%emt 0:02:14]} 41. Ra7 {[%emt 0:01:53]} e3 {[%emt 0:00:33]} 42. Re7 {[%emt 0:00:48]} Rxa4 {[%emt 0:00:21]} 43. Bxe3 {[%emt 0:01:48]} Rxb4 {[%emt 0:00:32]} 44. Ke2 {[%emt 0:02:40]} Bxe3 {[%emt 0:01:19]} 45. Kxe3 {[%emt 0:00:02]} Rxg4 {[%emt 0:00:09]} 46. Kf3 {[%emt 0:00:08]} Rg1 {[%emt 0:00:10]} 47. Kf2 {[%emt 0:00:34]} Rg5 {[%emt 0:00:18]} 48. Ke3 {[%emt 0:00:03]} Kd5 {[%emt 0:00:35]} 49. Kf4 {[%emt 0:00:13]} Rg1 {[%emt 0:00:07]} 50. Rd7+ {[%emt 0:00:06]} Kc6 {[%emt 0:00:34]} 51. Rd8 {[%emt 0:00:12]} Ra1 {[%emt 0:00:27]} 52. Kg4 {[%emt 0:01:12]} Kc7 {[%emt 0:01:54]} 53. Rd4 {[%emt 0:00:31]} Rg1+ {[%emt 0:00:39]} 54. Kf4 {[%emt 0:00:16]} Rh1 {[%emt 0:01:21]} 55. Kg4 {[%emt 0:00:18]} Rh8 {[%emt 0:00:11]} 56. Rd2 {[%emt 0:00:10]} Rd8 {[%emt 0:00:14]} 57. Re2 {[%emt 0:00:59]} Rd1 {[%emt 0:01:38]} 58. Kf4 {[%emt 0:00:27]} Kd8 {[%emt 0:01:03]} 59. Kg4 {[%emt 0:01:26]} Rd5 {[%emt 0:00:26]} 60. Kf4 {[%emt 0:00:17]} Rd7 {[%emt 0:00:35]} 61. Re3 {[%emt 0:00:28]} Re7 {[%emt 0:00:27]} 62. Ra3 {[%emt 0:00:31]} Ke8 {[%emt 0:00:11]} 63. Ra8+ {[%emt 0:00:18]} Kf7 {[%emt 0:00:07]} 64. Ra3 {[%emt 0:00:11]} Kg8 {[%emt 0:00:13]} 65. Ra8+ {[%emt 0:01:16]} Kh7 {[%emt 0:00:08]} 66. Ra1 {[%emt 0:00:13]} Rb7 {[%emt 0:00:08]} 67. Rh1+ {[%emt 0:00:42]} Kg8 {[%emt 0:00:08]} 68. Rg1 {[%emt 0:00:25]} Rb2 {[%emt 0:01:21]} 69. Kf3 {[%emt 0:00:29]} Rh2 {[%emt 0:00:21]} 70. Rg3 {[%emt 0:00:18]} Kh7 {[%emt 0:00:24]} 71. Rg6 {[%emt 0:00:48]} Rh5 {[%emt 0:03:47]} 72. Kf4 {[%emt 0:00:44]} Kg8 {[%emt 0:01:21]} 73. Rg1 {[%emt 0:00:07]} Kf7 {[%emt 0:00:22]} 74. Rg2 {[%emt 0:00:24]} Rh4+ {[%emt 0:00:41]} 75. Kf3 {[%emt 0:00:10]} Rh1 {[%emt 0:00:53]} 76. Kf4 {[%emt 0:00:23]} Rf1+ {[%emt 0:00:08]} 77. Ke4 {[%emt 0:00:16]} Kg8 {[%emt 0:00:23]} 78. Rg3 {[%emt 0:00:40]} Kf8 {[%emt 0:02:55]} 79. Rg2 {[%emt 0:00:13]} Kf7 {[%emt 0:01:49]} 80. Rg3 {[%emt 0:00:37]} Ra1 {[%emt 0:02:05]} 81. Rg2 {[%emt 0:00:15]} Kg8 {[%emt 0:00:57]} 82. Kf4 {[%emt 0:00:39]} Ra4+ {[%emt 0:00:42]} 83. Kf3 {[%emt 0:00:23]} Rh4 {[%emt 0:00:26]} 84. Rg1 {[%emt 0:00:23]} Kf7 {[%emt 0:02:05]} 85. Rg2 {[%emt 0:00:12]} Rh7 {[%emt 0:00:47]} 86. Rg1 {[%emt 0:00:22]} Ke7 {[%emt 0:00:13]} 87. Kf4 {[%emt 0:00:45]} Kd6 {[%emt 0:00:24]} 88. Rd1+ {[%emt 0:00:07]} Kc5 {[%emt 0:00:12]} 89. Rg1 {[%emt 0:03:23]} Kc4 {[%emt 0:00:16]} 90. Ke4 {[%emt 0:00:19]} Kc3 {[%emt 0:00:47]} 91. Ke3 1/2-1/2

[Event "14. Deizisauer Herbstopen 2019"]
[Site "Deizisau"]
[Date "2019.10.28"]
[Round "7.4"]
[White "Reimche, Vadim"]
[Black "Gheng, Dominik"]
[Result "0-1"]
[WhiteElo "2080"]
[BlackElo "2068"]
[Annotator "NA RC"]
[PlyCount "92"]
[EventDate "2019.10.25"]
[EventType "swiss"]
[EventCountry "GER"]
[SourceTitle "playchess.com"]
[Source "ChessBase"]
[SourceQuality "1"]
[TimeControl "5400+30"]

1. d4 {[%emt 0:00:00]} d5 {[%emt 0:00:00]} 2. c4 {[%emt 0:00:00]} e6 {[%emt 0:00:01]} 3. Nc3 {[%emt 0:00:00]} Nf6 {[%emt 0:00:21]} 4. Bg5 {[%emt 0:00:06]} Be7 {[%emt 0:00:26]} 5. e3 {[%emt 0:00:07]} h6 {[%emt 0:00:30]} 6. Bh4 {[%emt 0:00:05]} O-O {[%emt 0:00:32]} 7. Nf3 {[%emt 0:00:06]} b6 {[%emt 0:00:29]} 8. cxd5 {[%emt 0:00:17]} exd5 {[%emt 0:00:09]} 9. Ne5 {[%emt 0:01:04]} Bb7 {[%emt 0:00:10]} 10. Bd3 {[%emt 0:01:21]} Nbd7 {[%emt 0:00:39]} 11. Nxd7 {[%emt 0:02:20]} Qxd7 {[%emt 0:07:50]} 12. Rc1 {[%emt 0:00:41]} Ne4 {[%emt 0:00:26]} 13. Bxe7 {[%emt 0:00:25]} Qxe7 {[%emt 0:00:06]} 14. O-O {[%emt 0:00:36]} Rac8 {[%emt 0:00:33]} 15. Qe2 {[%emt 0:11:05]} Rfd8 {[%emt 0:01:02]} 16. f3 {[%emt 0:03:20]} Nxc3 {[%emt 0:02:37]} 17. Rxc3 {[%emt 0:03:35]} c5 {[%emt 0:03:55]} 18. Rfc1 {[%emt 0:03:59]} Rc6 {[%emt 0:05:30]} 19. dxc5 {[%emt 0:09:41]} bxc5 {[%emt 0:00:18]} 20. Bb5 {[%emt 0:01:12]} Rc7 {[%emt 0:05:37]} 21. b4 {[%emt 0:08:43]} c4 {[%emt 0:00:31]} 22. Qb2 {[%emt 0:00:52]} Rb8 {[%emt 0:04:33]} 23. a3 {[%emt 0:03:50]} Bc8 {[%emt 0:01:06]} 24. Ba4 {[%emt 0:00:32]} a5 {[%emt 0:00:39]} 25. b5 {[%emt 0:13:23]} Qc5 {[%emt 0:01:53]} 26. Qd2 {[%emt 0:02:31]} Bd7 {[%emt 0:00:11]} 27. Rd3 {[%emt 0:08:40]} cxd3 {[%emt 0:07:30]} 28. Rxc5 {[%emt 0:00:12]} Rxc5 {[%emt 0:00:01]} 29. Qxd3 {[%emt 0:09:25]} Bxb5 {[%emt 0:00:19]} 30. Qd4 {[%emt 0:01:26]} Rc1+ {[%emt 0:01:34]} 31. Kf2 {[%emt 0:00:40]} Bc4 {[%emt 0:03:59]} 32. Kg3 {[%emt 0:02:14]} Rcb1 {[%emt 0:04:20]} 33. Qa7 {[%emt 0:03:14]} R1b2 {[%emt 0:01:52]} 34. Qxa5 {[%emt 0:03:47]} Bf1 {[%emt 0:00:08]} 35. Qxd5 {[%emt 0:02:18]} Rxg2+ {[%emt 0:00:09]} 36. Kf4 {[%emt 0:00:25]} Rxh2 {[%emt 0:06:45]} 37. Bb3 {[%emt 0:00:18]} g5+ {[%emt 0:00:47]} 38. Kg4 {[%emt 0:03:12]} h5+ {[%emt 0:00:04]} 39. Kxg5 Rb5 40. Kf6 {[%emt 0:02:48]} Rxd5 {[%emt 0:00:50]} 41. Bxd5 {[%emt 0:00:02]} h4 {[%emt 0:00:29]} 42. Bxf7+ {[%emt 0:00:18]} Kf8 {[%emt 0:00:03]} 43. e4 {[%emt 0:00:29]} h3 {[%emt 0:00:08]} 44. e5 {[%emt 0:00:11]} Re2 {[%emt 0:00:03]} 45. f4 {[%emt 0:00:51]} h2 {[%emt 0:00:07]} 46. Bd5 {[%emt 0:00:18]} Bg2 {[%emt 0:00:03]} 0-1

[Event "14. Deizisauer Herbstopen 2019"]
[Site "Deizisau"]
[Date "2019.10.28"]
[Round "7.5"]
[White "Lehmann, Stefan"]
[Black "Hoffmann, Achim Gunter"]
[Result "0-1"]
[WhiteElo "1999"]
[BlackElo "2125"]
[Annotator "TA"]
[PlyCount "106"]
[EventDate "2019.10.25"]
[EventType "swiss"]
[EventCountry "GER"]
[SourceTitle "playchess.com"]
[Source "ChessBase"]
[SourceQuality "1"]

{[%evp 9,106,24,48,27,31,31,31,31,31,33,33,41,44,43,40,36,44,43,56,51,72,69,66,68,54,66,110,96,161,131,148,133,122,93,96,23,8,9,47,0,60,0,0,0,62,62,76,43,83,68,79,33,35,30,41,40,22,33,56,50,234,247,245,238,229,-40,-54,-58,-56,-74,-71,-135,-145,-143,-36,-35,-8,-102,0,0,0,-206,-124,-125,-127,-121,-91,-621,-622,-898,-801,-881,-727,-1739,-1806,-29978,-29979,-29985,-264]} 1. e4 c5 2. Nc3 e6 3. Nf3 Nc6 4. d4 cxd4 5. Nxd4 a6 ({Predecessor:} 5... Qc7 6. Qd3 {½-½ (78) Dragun,K (2610)-Chirila,I (2557) chess.com INT 2018}) 6. Qd3 $146 {B46: Sicilian: Taimanov: 5 Nc3 a6} (6. Be3 Nf6 7. Qf3 Bb4 8. Nxc6 bxc6 9. Bd3 e5 10. Qg3 d6 11. O-O Nh5 12. Qf3 Nf6 13. Qg3 Nh5 14. Qf3 Nf6 {1-0 (38) Dominguez Perez,L (2760)-Nisipeanu,L (2672) Dortmund 2019}) 6... Qc7 7. Nxc6 bxc6 8. Qg3 {White is slightly better.} Qxg3 9. hxg3 d5 10. Na4 Rb8 11. exd5 cxd5 12. Bf4 $36 {[%mdl 2048] White has some pressure.} Rb4 13. b3 e5 $1 {[%cal Re5f4]} 14. Be3 d4 15. Bd2 Rb8 $1 16. c3 dxc3 17. Bxc3 Bb4 18. Rh4 a5 (18... Bxc3+ $16 {was called for.} 19. Nxc3 Nf6) 19. Rc1 Ne7 20. Bxb4 axb4 21. Rc5 O-O 22. Bd3 (22. Bb5 $16) 22... f5 $11 23. f3 ({Much weaker is} 23. Rxe5 Ng6 $17) 23... Ng6 24. Rh1 Bd7 (24... Be6 $11) 25. Nb2 (25. Bc4+ $14 Kh8 26. Kf2) 25... Ra8 26. Bb1 Rfc8 (26... f4 $11) 27. Rxc8+ $14 Rxc8 28. Kd2 Ne7 29. Nd3 Nc6 30. Nc5 g6 31. Rc1 Be8 32. Nd3 Rd8 {Threatens to win with ...e4.} 33. Ke3 Rd6 34. Rc5 Ne7 $2 ({Black should play} 34... Kf8 $14) 35. Nxb4 $18 f4+ 36. gxf4 exf4+ 37. Kxf4 $2 ({Better is} 37. Ke4 $18) 37... Rd4+ $15 {[%mdl 64] Double Attack} 38. Ke5 Rxb4 39. Kd6 Kf7 40. Rc7 (40. Be4 $142) 40... Rd4+ $17 41. Ke5 Rd1 ({Black should try} 41... Rd5+ $17 42. Kf4 Rd2) 42. Be4 $15 Rd2 (42... h5 {with more complications.} 43. a4 h4 44. Rc2 Ra1 45. Rc7 Ra2) 43. Rc2 {[#]} (43. a4 $11) 43... Rxc2 (43... Nc6+ $1 $17 {[%mdl 512]} 44. Rxc6 Bxc6 45. Bxc6 Rxa2) 44. Bxc2 $11 Nc6+ 45. Kf4 $2 (45. Kd6 $1 $11 {and White stays safe.}) 45... Kf6 46. a4 Nb4 47. Bd1 h5 48. g4 $2 {[%mdl 8192]} (48. Ke4 $17) 48... g5+ $19 49. Kg3 {and the idea gxh5 leaves White hopeful.} h4+ 50. Kh3 Nd3 {Hoping for ...Nf2+.} 51. Bc2 Bg6 52. Bxd3 Bxd3 53. f4 Bf1+ {Accuracy: White = 45%, Black = 54%.} 0-1